Marx on classical antiquity : problems of historical methodology

Saved in:
Bibliographic Details
Main Author: Λέκκας, Παντελής Ε., 1960-
Format: Book
Language:English
Published: Sussex : Wheatsheaf Books, 1988
Subjects:
Tags: Add Tag
No Tags, Be the first to tag this record!

MARC

LEADER 00000cam a2200000 i 4500
001 1/5445
008 960604s1988 eng d
020 |a 0-312-02023-6 
035 |l 10016006 
040 |a GR-MY-UA  |b gre  |e aacr 
041 0 |a eng 
082 0 |a 335.4092 
100 1 |a Λέκκας, Παντελής Ε.,   |d 1960- 
245 1 0 |a Marx on classical antiquity :  |b problems of historical methodology /  |c Pantelis Lekas 
260 |a Sussex :   |b Wheatsheaf Books,   |c 1988 
300 |a 286 p. 
504 |a Includes index 
600 1 0 |a Marx, Karl,   |d 1818-1883. 
651 0 |a Mediterranean Region  |x Historiography. 
852 |a INST  |b LESVOS  |e 19960604  |h 335.4092 ΛΕΚ  |p 005100004263  |q 005100004263  |t BK  |y 0 
909 |a Λ  |b 021386